Countries with most players in the ATP Top 100 - Statistics

General Stats
  • This quiz has been taken 32 times
  • The average score is 12 of 14
Answer Stats
Rank Hint Answer % Correct
3 9 Italy
100%
6 5 Spain
100%
10 3 United Kingdom
100%
1 10 United States
100%
10 3 Canada
97%
1 10 France
94%
10 3 Germany
94%
4 7 Argentina
90%
8 4 Russia
90%
4 7 Australia
87%
10 3 Belgium
71%
10 3 Netherlands
58%
8 4 Serbia
58%
6 5 Czech Republic
48%
No matching quizzes found
Score Distribution
Percent of People with Each Score
Percentile by Number Answered
Your Score History
You have not taken this quiz